| 000 | 00343nam a22001337a 4500 | ||
|---|---|---|---|
| 041 | _aeng | ||
| 082 | _a264.6 RAM | ||
| 100 | _aRam | ||
| 245 | _aA Critical Evaluation of Preaching of Bakht Singh: A Homiletic Perspective | ||
| 260 |
_aHyderabad _bHenry Martyn Institute (ARRC) _c2022 |
||
| 300 | _a90 | ||
| 650 | _aHomiletics | ||
| 942 | _cTHES | ||
| 999 |
_c23275 _d23275 |
||